00993nam a2200265 i 4500003000900000005001700009007000300026008003700029020001800066040003100084082002900115100003600144245014300180246004300323264005000366300004500416336002700461337003300488338002800521490002500549650003500574650003500609700003200644710005100676DO-SdBPM20241213105651.0ta140626s2023 dr a c 000 0 spa d a9789945510638 aDO-SdBNPbspacBPMSU erda 4aRD863.44bC117v 20232221 aCabral, Lucía Amelia,eautora13aVirtuoso : bJuan Bobo y Pedro Artimaña : una versión más del cuento folclórico /cLucia Amelia Cabral ; ilustraciones Adela Dore 12aVirtuoso, Juan Bobo y Pedro Artimaña aSanto Domingo :bMinisterio de Cultura c2023 a15 páginas :bilustraciones ;c27 cm. 2rdacontentatextobtxt 2rdamediaasin mediaciónbn 2rdacarrieravolumenbnc0 aBiblioteca Infantil  4aCuentos infantiles dominicanos 4aLiteratura infantil dominicana1 aDore, Adela eilustraciones2 aMinisterio de Cultura (República Dominicana)